Países que más batallas han ganado - Estadísticas

Estadísticas generales
  • Esta prueba ha sido intentada 1.554 veces
  • La puntuación promedio es 21 de 28
Estadísticas de respuestas
Batallas Ganadas Respuesta % Correcto
833 Estados Unidos
99%
1.105 Reino Unido
99%
387 España
98%
560 Alemania / Prusia / SIR
97%
244 China
97%
1.115 Francia
97%
491 Rusia / Unión Soviética
97%
132 Italia
95%
183 Japón
95%
110 Portugal
86%
210 Turquía / Otomanos
86%
93 India / Mongoles
85%
89 Grecia
83%
102 Irán / Imperios Persas
80%
82 Canadá
79%
76 Egipto
79%
344 Polonia
79%
209 Austria
77%
114 Países Bajos
75%
165 Suecia
75%
137 Australia
73%
78 Corea
72%
92 Mongolia
68%
79 Dinamarca
62%
259 Roma
42%
128 Estados Confederados
14%
107 Imperio bizantino
9%
108 Califatos Islámicos
7%
No se encontraron pruebas coincidentes
Distribución de puntuación
Porcentaje de gente con cada puntuación
Porcentaje por número respondido
Historial de tus puntuaciones
No has intentado esta prueba.